La memoria, la historia, el olvido /
Guardado en:
| Autor Principal: | |
|---|---|
| Formato: | Libro |
| Publicado: |
Buenos Aires :
Fondo De Cultura Economica,
2004
|
| Series: | Sección de Obras de Filosofía
|
| Materias: | |
| Etiquetas: |
Agregar Etiqueta
Sin Etiquetas, Sea el primero en etiquetar este registro!
|
| LEADER | 00646nam a22002175a 4500 | ||
|---|---|---|---|
| 001 | EHU.bham028481 | ||
| 003 | AR-BHAM | ||
| 005 | 20110518140755.0 | ||
| 008 | 130507s2004##################000#0#####d | ||
| 082 | 9 | 0 | |a 900.1 |
| 100 | 1 | |a Ricoeur, Paul | |
| 245 | 1 | 0 | |a La memoria, la historia, el olvido / |c Paul Ricoeur |
| 260 | |a Buenos Aires : |b Fondo De Cultura Economica, |c 2004 | ||
| 300 | |a 673 p. | ||
| 490 | 0 | |a Sección de Obras de Filosofía | |
| 500 | |a Trad. por Agustín Neira | ||
| 653 | |a Memoria | ||
| 653 | |a Historia-memoria | ||
| 653 | |a Foucault | ||
| 653 | |a Historiografia | ||
| 859 | |a AR-BHAM |b BIB. HUMANIDADES - General |h 900.1 |i R426-2 |p 989.05 |t Ej.1 | ||
